[Event "GER-ch Net Amateur Gr-B Vor3"]
[Site "Playchess.com INT"]
[Date "2020.04.16"]
[Round "8"]
[White "Grund, Erwin1111"]
[Black "Mueller, Ansgar"]
[Result "1-0"]
[WhiteElo "1611"]
[BlackElo "1469"]
[PlyCount "75"]
[EventDate "2020.04.16"]
[EventType "swiss (blitz)"]
[EventRounds "9"]
[EventCountry "GER"]
[SourceTitle "CBM 195 Extra"]
[Source "ChessBase"]
[SourceDate "2020.05.31"]
[SourceVersion "1"]
[SourceVersionDate "2020.05.31"]
[SourceQuality "1"]

1. e4 c6 2. d4 d5 3. e5 Bf5 4. h4 h6 5. g4 Bh7 6. f3 e6 7. Bd3 Bxd3 8. Qxd3 Nd7 9. Be3 c5 10. c3 Qc7 11. Nd2 Ne7 12. 0-0-0 cxd4 13. Bxd4 Nxe5 14. Bxe5 Qxe5 15. Ne2 Qc7 16. f4 Nc6 17. Kb1 Be7 18. g5 hxg5 19. hxg5 Rxh1 20. Rxh1 Bf8 21. Nf3 Rd8 22. Re1 g6 23. Qe3 Bg7 24. Nc1 Qb6 25. Qd2 Ke7 26. Nb3 Rh8 27. Qxd5 Rd8 28. Qe4 Qc7 29. Ne5 Nxe5 30. fxe5 Rd7 31. Qf4 Rd5 32. Rf1 Ke8 33. Nd4 Bxe5 34. Qh4 Bxd4 35. cxd4 Ke7 36. Qh8 Qd8 37. Qf6+ Ke8 38. Qxf7# 1-0

[Event "GER-ch Net Amateur Gr-B Vor3"]
[Site "Playchess.com INT"]
[Date "2020.04.16"]
[Round "7"]
[White "Mueller, Ansgar"]
[Black "Domroese, Michael"]
[Result "0-1"]
[WhiteElo "1482"]
[BlackElo "1552"]
[PlyCount "134"]
[EventDate "2020.04.16"]
[EventType "swiss (blitz)"]
[EventRounds "9"]
[EventCountry "GER"]
[SourceTitle "CBM 195 Extra"]
[Source "ChessBase"]
[SourceDate "2020.05.31"]
[SourceVersion "1"]
[SourceVersionDate "2020.05.31"]
[SourceQuality "1"]

1. d4 d5 2. c4 e5 3. dxe5 d4 4. Nf3 Nc6 5. Bf4 Nge7 6. e3 Ng6 7. Bg3 Bb4+ 8. Nbd2 dxe3 9. fxe3 Bg4 10. a3 Bxd2+ 11. Qxd2 Qxd2+ 12. Kxd2 0-0-0+ 13. Kc3 Rhe8 14. h3 Bxf3 15. gxf3 Ngxe5 16. f4 Ng6 17. Re1 Re7 18. Bg2 Red7 19. Be4 Re7 20. Bxg6 hxg6 21. Bh4 f6 22. e4 Red7 23. e5 Rd3+ 24. Kc2 Rd2+ 25. Kc1 Rg2 26. exf6 gxf6 27. Bxf6 Rdd2 28. Re8+ Kd7 29. Ree1 Rc2+ 30. Kb1 Rxc4 31. b3 Rxf4 32. Rd1+ Ke6 33. Bg5 Rxg5 34. Rhe1+ Re5 35. Rxe5+ Nxe5 36. Re1 Kf5 37. Kc2 Rf2+ 38. Kc3 Rf3+ 39. Kb4 Rxh3 40. Rf1+ Ke6 41. Rc1 c6 42. a4 Rh4+ 43. Ka3 g5 44. Re1 g4 45. Rf1 g3 46. Rg1 Rg4 47. b4 g2 48. Kb2 Nf3 49. Rd1 g1Q 50. Rxg1 Rxg1 51. Kc3 Rg4 52. Kb3 Kd5 53. Kc3 b5 54. a5 c5 55. bxc5 Kxc5 56. a6 Kb6 57. Kd3 Kxa6 58. Ke3 Ne5 59. Kd2 b4 60. Kc2 Kb5 61. Kb2 Kc4 62. Kc2 a5 63. Kb2 a4 64. Ka2 b3+ 65. Kb2 Kb4 66. Kb1 a3 67. Ka1 Rg1# 0-1

[Event "GER-ch Net Amateur Gr-B Vor3"]
[Site "Playchess.com INT"]
[Date "2020.04.16"]
[Round "5"]
[White "Mueller, Ansgar"]
[Black "Hess, Martin"]
[Result "0-1"]
[WhiteElo "1508"]
[BlackElo "1607"]
[PlyCount "116"]
[EventDate "2020.04.16"]
[EventType "swiss (blitz)"]
[EventRounds "9"]
[EventCountry "GER"]
[SourceTitle "CBM 195 Extra"]
[Source "ChessBase"]
[SourceDate "2020.05.31"]
[SourceVersion "1"]
[SourceVersionDate "2020.05.31"]
[SourceQuality "1"]

1. d4 d5 2. c4 e5 3. dxe5 d4 4. Nf3 Nc6 5. Bf4 Nge7 6. Nbd2 Ng6 7. Bg3 Be6 8. Nb3 Bb4+ 9. Nfd2 Qe7 10. a3 Bxd2+ 11. Qxd2 0-0-0 12. e3 Ngxe5 13. exd4 Bxc4 14. Bxe5 Bxb3 15. Be2 Nxe5 16. Qc3 Nc6 17. Qxb3 Qxe2+ 18. Kxe2 Nxd4+ 19. Ke3 Nxb3 20. Rad1 Rhe8+ 21. Kf4 Rxd1 22. Rxd1 Nc5 23. h3 f6 24. g3 g6 25. Kf3 c6 26. Kg2 Kc7 27. Rd2 Re4 28. f3 Re3 29. Kf2 Rb3 30. Kg2 Nd3 31. Kh2 Rxb2 32. Rxb2 Nxb2 33. Kg2 Nc4 34. Kf2 Nxa3 35. Ke3 c5 36. Kd3 Kc6 37. Kc3 b5 38. f4 a5 39. g4 a4 40. h4 b4+ 41. Kb2 Nc4+ 42. Ka2 Ne3 43. g5 f5 44. h5 Nd5 45. hxg6 hxg6 46. Kb2 Nxf4 47. Kc2 Ne6 48. Kb2 Nxg5 49. Kc2 Kd5 50. Kd2 Kc4 51. Kc2 a3 52. Kb1 b3 53. Ka1 Kc3 54. Kb1 Ne4 55. Ka1 b2+ 56. Kb1 Nd2+ 57. Ka2 b1Q+ 58. Kxa3 Qa1# 0-1

[Event "GER-ch Net Amateur Gr-B Vor3"]
[Site "Playchess.com INT"]
[Date "2020.04.16"]
[Round "3"]
[White "Mueller, Ansgar"]
[Black "Klemm, Robert"]
[Result "0-1"]
[WhiteElo "1497"]
[BlackElo "1613"]
[PlyCount "42"]
[EventDate "2020.04.16"]
[EventType "swiss (blitz)"]
[EventRounds "9"]
[EventCountry "GER"]
[SourceTitle "CBM 195 Extra"]
[Source "ChessBase"]
[SourceDate "2020.05.31"]
[SourceVersion "1"]
[SourceVersionDate "2020.05.31"]
[SourceQuality "1"]

1. d4 Nf6 2. c4 g6 3. Nc3 Bg7 4. Nf3 d6 5. Bf4 0-0 6. e3 Nbd7 7. Bd3 c6 8. Kf1 Qe8 9. Ke2 e5 10. dxe5 dxe5 11. Bg3 e4 12. Bxe4 Nxe4 13. Bd6 Nxd6 14. Qxd6 Qe6 15. Qd3 Nc5 16. Qd2 Qxc4+ 17. Ke1 Nd3+ 18. Kd1 Bg4 19. h3 Bxf3+ 20. gxf3 Rad8 21. Qe2 Nf4+ 0-1

[Event "GER-ch Net Amateur Gr-B Vor3"]
[Site "Playchess.com INT"]
[Date "2020.04.16"]
[Round "2"]
[White "Rost, Detlef"]
[Black "Mueller, Ansgar"]
[Result "1-0"]
[WhiteElo "1717"]
[BlackElo "1504"]
[PlyCount "119"]
[EventDate "2020.04.16"]
[EventType "swiss (blitz)"]
[EventRounds "9"]
[EventCountry "GER"]
[SourceTitle "CBM 195 Extra"]
[Source "ChessBase"]
[SourceDate "2020.05.31"]
[SourceVersion "1"]
[SourceVersionDate "2020.05.31"]
[SourceQuality "1"]

1. d4 d5 2. c4 e6 3. Nf3 Nf6 4. Bg5 Be7 5. e3 0-0 6. Nc3 h6 7. Bh4 c5 8. Qc2 Nbd7 9. Rd1 b6 10. cxd5 Nxd5 11. Bxe7 Qxe7 12. Nxd5 exd5 13. Be2 Bb7 14. 0-0 Rac8 15. Qa4 Ra8 16. Bb5 Nf6 17. Qa3 a6 18. Bd3 Qc7 19. Rc1 Rfc8 20. Bf5 Re8 21. dxc5 bxc5 22. Qxc5 Qxc5 23. Rxc5 g6 24. Bd3 a5 25. Rfc1 Ne4 26. Rc7 Ba6 27. Bxa6 Rxa6 28. Rc8 Rxc8 29. Rxc8+ Kg7 30. Nd4 Rb6 31. b3 a4 32. f3 Nc3 33. bxa4 Nxa4 34. Kf2 Rb2+ 35. Kg3 Rxa2 36. Rc7 Nb6 37. Rb7 Nc4 38. Rb3 Ra7 39. h4 h5 40. Kf4 Kh6 41. Rb5 Rd7 42. Nc6 Kg7 43. Ne5 Nxe5 44. Kxe5 f6+ 45. Ke6 Rd8 46. Rxd5 Rxd5 47. Kxd5 Kf7 48. Kd6 f5 49. e4 fxe4 50. fxe4 Ke8 51. Ke6 g5 52. hxg5 h4 53. g6 h3 54. gxh3 Kf8 55. Kd7 Kg7 56. e5 Kxg6 57. e6 Kh5 58. e7 Kh4 59. e8Q Kxh3 60. Qg6 1-0

[Event "GER-ch Net Amateur Gr-B Vor2"]
[Site "Playchess.com INT"]
[Date "2020.04.15"]
[Round "3"]
[White "Mueller, Ansgar"]
[Black "Multhauf, Stefan"]
[Result "0-1"]
[WhiteElo "1510"]
[BlackElo "1551"]
[PlyCount "80"]
[EventDate "2020.04.15"]
[EventType "swiss (blitz)"]
[EventRounds "9"]
[EventCountry "GER"]
[SourceTitle "CBM 196 Extra"]
[Source "ChessBase"]
[SourceDate "2020.07.31"]
[SourceVersion "1"]
[SourceVersionDate "2020.07.31"]
[SourceQuality "1"]

1. d4 Nf6 2. c4 e5 3. dxe5 Ng4 4. Qd4 Nc6 5. Qxg4 d5 6. Qf3 dxc4 7. e4 Nxe5 8. Qd1 Qxd1+ 9. Kxd1 Bc5 10. Be3 Bxe3 11. fxe3 Ng4 12. Ke2 0-0 13. Nd2 Re8 14. h3 Nf6 15. Nxc4 Rxe4 16. Nd2 Re8 17. g4 Nd5 18. e4 Bd7 19. Bg2 Nf4+ 20. Kf3 Nxg2 21. Kxg2 Bc6 22. Kf3 Rad8 23. Rd1 Bxe4+ 24. Nxe4 Rxd1 25. Nf2 Rd2 26. Ne4 Rxb2 27. Ne2 Rxe2 28. Kxe2 Rxe4+ 29. Kd3 Ra4 30. Re1 Kf8 31. Re2 Ra3+ 32. Kc4 Rxh3 33. Kc5 Rg3 34. Re4 g6 35. Rb4 b6+ 36. Kc6 Rc3+ 37. Kb7 a5 38. Rb3 Rxb3 39. axb3 b5 40. Kxc7 a4 0-1

[Event "GER-ch Net Amateur Gr-B Vor2"]
[Site "Playchess.com INT"]
[Date "2020.04.15"]
[Round "4"]
[White "Mueller, Ansgar"]
[Black "Schmaelzle, Harald"]
[Result "0-1"]
[WhiteElo "1495"]
[BlackElo "1660"]
[PlyCount "80"]
[EventDate "2020.04.15"]
[EventType "swiss (blitz)"]
[EventRounds "9"]
[EventCountry "GER"]
[SourceTitle "CBM 196 Extra"]
[Source "ChessBase"]
[SourceDate "2020.07.31"]
[SourceVersion "1"]
[SourceVersionDate "2020.07.31"]
[SourceQuality "1"]

1. d4 e6 2. c4 d5 3. Nc3 c6 4. Bf4 Bd6 5. Bg3 Nf6 6. Nf3 0-0 7. e3 b6 8. Be2 Bb7 9. 0-0 dxc4 10. Bxc4 Nd5 11. e4 Nxc3 12. bxc3 Bxg3 13. fxg3 Qe7 14. a4 c5 15. d5 exd5 16. exd5 Qd6 17. Re1 Nd7 18. Qd2 Rfe8 19. Rxe8+ Rxe8 20. Re1 Rxe1+ 21. Qxe1 Bxd5 22. Qe8+ Nf8 23. Bxd5 Qxd5 24. Qe7 Qd7 25. Qe4 h6 26. Ne5 Qe6 27. Qf4 Nd7 28. Nxd7 Qxd7 29. Qb8+ Kh7 30. Qf4 a6 31. Qe4+ g6 32. Qc4 b5 33. Qxc5 bxa4 34. Qa3 Qd1+ 35. Kf2 Qd2+ 36. Kf3 Qd3+ 37. Kf2 Qb5 38. Qa2 Qb3 39. Qa1 a3 40. Ke3 Qb2 0-1

[Event "GER-ch Net Amateur Gr-B Vor1"]
[Site "Playchess.com INT"]
[Date "2020.04.14"]
[Round "2"]
[White "Lachenmaier, Stefan"]
[Black "Mueller, Ansgar"]
[Result "1-0"]
[WhiteElo "1620"]
[BlackElo "1388"]
[PlyCount "109"]
[EventDate "2020.04.14"]
[EventType "swiss (blitz)"]
[EventRounds "9"]
[EventCountry "GER"]
[SourceTitle "EXT 2021"]
[Source "ChessBase"]
[SourceDate "2020.10.23"]
[SourceVersion "1"]
[SourceVersionDate "2020.10.23"]
[SourceQuality "1"]

1. e4 c6 2. d4 d5 3. exd5 cxd5 4. Nf3 Nc6 5. Bd3 Bg4 6. c3 Nf6 7. Bg5 h6 8. Bh4 e6 9. Nbd2 Be7 10. h3 Bh5 11. Qc2 Nd7 12. Bxe7 Qxe7 13. g4 Bg6 14. Bxg6 fxg6 15. Qxg6+ Qf7 16. Qxf7+ Kxf7 17. 0-0-0 e5 18. dxe5 Ndxe5 19. Kc2 Kf6 20. Nxe5 Nxe5 21. f4 Nc6 22. Nf3 Rhe8 23. Rxd5 Rac8 24. a3 Rcd8 25. Rxd8 Rxd8 26. Re1 Rd5 27. Re4 g5 28. fxg5+ hxg5 29. Nd4 Nxd4+ 30. Rxd4 Re5 31. Rd6+ Ke7 32. Rh6 Kd7 33. h4 Kc7 34. Rh5 Re2+ 35. Kb3 Rh2 36. hxg5 Rg2 37. Rh4 Kd8 38. g6 Ke7 39. Rh7+ Kf8 40. Rxb7 Rxg4 41. g7+ Kg8 42. Rxa7 Rxg7 43. Rxg7+ Kxg7 44. Kc4 Kf6 45. Kc5 Ke6 46. Kc6 Ke5 47. a4 Ke6 48. a5 Ke7 49. Kc7 Ke6 50. a6 Kd5 51. a7 Kc4 52. a8Q Kd3 53. Qd5+ Ke3 54. Kd6 Kf4 55. Qe5+ 1-0

[Event "GER-ch Net Amateur Gr-B Vor1"]
[Site "Playchess.com INT"]
[Date "2020.04.14"]
[Round "6"]
[White "Mueller, Ansgar"]
[Black "Jessen, Bjarne"]
[Result "1-0"]
[WhiteElo "1420"]
[BlackElo "1592"]
[PlyCount "95"]
[EventDate "2020.04.14"]
[EventType "swiss (blitz)"]
[EventRounds "9"]
[EventCountry "GER"]
[SourceTitle "EXT 2021"]
[Source "ChessBase"]
[SourceDate "2020.10.23"]
[SourceVersion "1"]
[SourceVersionDate "2020.10.23"]
[SourceQuality "1"]

1. d4 e6 2. c4 Nf6 3. Nc3 c5 4. d5 exd5 5. cxd5 d6 6. Bf4 a6 7. e4 g6 8. Nf3 Bg7 9. a4 0-0 10. Be2 Qe7 11. Bd3 Nbd7 12. 0-0 Ng4 13. h3 Nge5 14. Nxe5 Nxe5 15. Be2 Bd7 16. Qc2 f5 17. exf5 Bxf5 18. Qd2 Rae8 19. Rae1 Qf6 20. Bg5 Qf7 21. Bd1 Qd7 22. b4 c4 23. Be2 Bxh3 24. gxh3 Qxh3 25. b5 Rf3 26. Bf4 Qg4+ 27. Bg3 Rxg3+ 28. fxg3 Qxg3+ 29. Kh1 Qh3+ 30. Kg1 Qg3+ 31. Kh1 Ng4 32. Bxg4 Qxg4 33. Rxe8+ Bf8 34. Rfxf8+ Kg7 35. Rg8+ Kf6 36. Rgf8+ Kg7 37. Rg8+ Kf6 38. Ref8+ Ke7 39. Qe3+ Kd7 40. Qe8+ Kc7 41. Qc8+ Kb6 42. bxa6 Ka5 43. Qc7+ Kb4 44. Na2+ Ka3 45. Qxd6+ Kxa2 46. Rf2+ Kb3 47. Qb6+ Kxa4 48. Ra2# 1-0